[Event "Canada Int. op U1500"]
[Site "Contrecoeur CAN"]
[Date "2022.10.09"]
[Round "4.49"]
[White "Mourad, Michel"]
[Black "St-Germain, Jack"]
[Result "0-1"]
[WhiteElo "1481"]
[BlackElo "1461"]
[PlyCount "132"]
[EventDate "2022.10.07"]
[EventType "swiss"]
[EventRounds "5"]
[EventCountry "CAN"]

1. d4 Nf6 2. c4 e6 3. Nc3 Bb4 4. a3 Bxc3+ 5. bxc3 O-O 6. Bg5 h6 7. Bh4 d6 8. e3
b6 9. Qf3 d5 10. cxd5 Qxd5 11. Bxf6 Qxf3 12. Nxf3 gxf6 13. Be2 Bb7 14. Nd2 Kh8
15. Bf3 Bxf3 16. Nxf3 Rg8 17. Rg1 Nc6 18. Rb1 Na5 19. Nd2 f5 20. Ke2 Nb7 21.
Nc4 Nd6 22. Ne5 f6 23. Nc6 Rg7 24. f3 Rag8 25. g3 h5 26. Kf2 a5 27. Na7 h4 28.
a4 Nc4 29. Ra1 e5 30. Rgb1 e4 31. f4 Nd2 32. Rg1 Nf3 33. Rg2 h3 34. Rgg1 Nxg1
35. Rxg1 c5 36. Nb5 cxd4 37. Nxd4 Rc7 38. Nxf5 Rxc3 39. g4 Rc2+ 40. Kg3 Rxg4+
41. Kxg4 Rg2+ 42. Kxh3 Rxg1 43. Nd6 Re1 44. Nc4 f5 45. Kg3 Rb1 46. Kh4 Rb4 47.
Nd6 Rxa4 48. Nxf5 Rb4 49. Ne7 Rb3 50. Nd5 a4 51. f5 Kg7 52. Kg5 a3 53. Nf4 a2
54. Ne6+ Kf7 55. Nd8+ Ke8 56. Nb7 a1=Q 57. Nd6+ Kf8 58. Nxe4 Rxe3 59. Ng3 Qg1
60. Kf4 Qf2+ 61. Kg4 Qxh2 62. Nf1 Qh3+ 63. Kg5 Qxf1 64. Kf6 Re7 65. Kg5 Qg2+
66. Kf4 Re4# 0-1

[Event "Canada Int. op U1500"]
[Site "Contrecoeur CAN"]
[Date "2022.10.09"]
[Round "4.50"]
[White "Auersperg, Leo"]
[Black "Jutras, Arnaud"]
[Result "1/2-1/2"]
[WhiteElo "1481"]
[BlackElo "1457"]
[PlyCount "88"]
[EventDate "2022.10.07"]
[EventType "swiss"]
[EventRounds "5"]
[EventCountry "CAN"]

1. e4 c6 2. Nc3 d5 3. Nf3 Bg4 4. h3 Bxf3 5. Qxf3 e6 6. g3 Nf6 7. d3 Be7 8. Bg2
O-O 9. g4 dxe4 10. dxe4 Nbd7 11. g5 Ne8 12. h4 Ne5 13. Qg3 Bd6 14. f4 Nd7 15.
h5 Bc5 16. Bh3 Bb6 17. g6 Qe7 18. f5 Bc7 19. Qg5 Qxg5 20. Bxg5 Bg3+ 21. Ke2 f6
22. fxe6 fxg5 23. exd7 Nf6 24. Rad1 g4 25. Rhg1 gxh3 26. Rxg3 Nxh5 27. gxh7+
Kh8 28. Rgg1 h2 29. Rg5 Nf4+ 30. Ke3 Nh3 31. Rg2 Rad8 32. Rxh2 Ng5 33. Rf2 Rxf2
34. Kxf2 Nf7 35. Ke3 Ne5 36. Kf4 Nxd7 37. e5 Rf8+ 38. Ke4 Nc5+ 39. Kd4 Ne6+ 40.
Ke4 Rf4+ 41. Ke3 Rf5 42. Ke4 Rf4+ 43. Kd3 Rf5 44. Ke4 Rf4+ 1/2-1/2

[Event "Canada Int. op U1500"]
[Site "Contrecoeur CAN"]
[Date "2022.10.09"]
[Round "4.51"]
[White "Bergeron, Jean-Guy"]
[Black "Hebert, Pierre"]
[Result "1-0"]
[WhiteElo "1441"]
[BlackElo "1429"]
[PlyCount "41"]
[EventDate "2022.10.07"]
[EventType "swiss"]
[EventRounds "5"]
[EventCountry "CAN"]

1. c4 Nf6 2. Nc3 g6 3. e4 d6 4. d4 Bg7 5. Be2 O-O 6. f4 c5 7. dxc5 dxc5 8. Qxd8
Rxd8 9. e5 Ne8 10. Be3 Nc6 11. Bxc5 Be6 12. Nf3 b6 13. Ba3 Nd4 14. Nxd4 Rxd4
15. O-O f6 16. Bf3 Rad8 17. Bd5 Nc7 18. Bxe7 Rd7 19. exf6 Bh6 20. Bxe6+ Nxe6
21. f5 1-0

[Event "Canada Int. op U1500"]
[Site "Contrecoeur CAN"]
[Date "2022.10.09"]
[Round "4.52"]
[White "Ghattas, Andrew"]
[Black "Laperle, Benjamin"]
[Result "1/2-1/2"]
[WhiteElo "1345"]
[BlackElo "1216"]
[PlyCount "104"]
[EventDate "2022.10.07"]
[EventType "swiss"]
[EventRounds "5"]
[EventCountry "CAN"]

1. Nf3 Nf6 2. g3 g6 3. d3 Bg7 4. Bg2 O-O 5. O-O d6 6. c4 c6 7. Nc3 d5 8. cxd5
cxd5 9. Rb1 Nc6 10. b4 e6 11. a4 b6 12. b5 Ne7 13. Ba3 Re8 14. Qb3 Bb7 15. Na2
Rc8 16. Rfc1 Nd7 17. Rxc8 Qxc8 18. d4 Qc4 19. Qxc4 dxc4 20. Rc1 Bxf3 21. Bxf3
Bxd4 22. Rxc4 Bc5 23. Bxc5 Nxc5 24. a5 Rd8 25. axb6 axb6 26. Nb4 Nf5 27. e3 Rd2
28. Rc2 Rxc2 29. Nxc2 Kf8 30. Nb4 Ke8 31. Na6 Kd8 32. Nxc5 bxc5 33. b6 Nd6 34.
Kf1 e5 35. Bd5 Kc8 36. Ke2 c4 37. Kd2 Kb8 38. Kc3 f6 39. f3 Nc8 40. Kxc4 Nxb6+
41. Kc5 Kc7 42. Bg8 h6 43. f4 exf4 44. exf4 Nd7+ 45. Kd5 Nf8 46. Be6 Kd8 47. g4
Ke7 48. f5 Nxe6 49. fxe6 f5 50. gxf5 gxf5 51. Ke5 f4 52. Kxf4 Kxe6 1/2-1/2

[Event "Canada Int. op U1500"]
[Site "Contrecoeur CAN"]
[Date "2022.10.09"]
[Round "4.53"]
[White "Lafontaine, Martin"]
[Black "De Guise, Ronald"]
[Result "1-0"]
[WhiteElo "1444"]
[BlackElo "1294"]
[PlyCount "45"]
[EventDate "2022.10.07"]
[EventType "swiss"]
[EventRounds "5"]
[EventCountry "CAN"]

1. e4 e5 2. Nf3 Nc6 3. Bb5 Bc5 4. O-O h6 5. c3 Nf6 6. d4 Bd6 7. Bxc6 bxc6 8.
dxe5 Bc5 9. exf6 Qxf6 10. Be3 Bb6 11. Na3 Ba6 12. Re1 Rd8 13. Bxb6 cxb6 14. e5
Qg6 15. Qa4 Bc8 16. Qxa7 O-O 17. Nc4 d5 18. exd6 Rd7 19. Qxb6 Rb7 20. Qxc6 Rd8
21. Re8+ Rxe8 22. Qxe8+ Kh7 23. Qxc8 1-0

[Event "Canada Int. op U1500"]
[Site "Contrecoeur CAN"]
[Date "2022.10.09"]
[Round "4.54"]
[White "Grenier, Julien"]
[Black "Rauch, Damian"]
[Result "1/2-1/2"]
[WhiteElo "1351"]
[BlackElo "1443"]
[PlyCount "91"]
[EventDate "2022.10.07"]
[EventType "swiss"]
[EventRounds "5"]
[EventCountry "CAN"]

1. e4 e5 2. Nc3 Nf6 3. f4 d5 4. fxe5 Nxe4 5. Qf3 Nc6 6. Bb5 Nxc3 7. bxc3 Qh4+
8. g3 Qe4+ 9. Qxe4 dxe4 10. d4 exd3 11. cxd3 Bf5 12. Bxc6+ bxc6 13. Ke2 O-O-O
14. d4 f6 15. Nf3 c5 16. exf6 gxf6 17. Be3 Re8 18. Kf2 c4 19. a4 Bd6 20. a5 a6
21. Rhe1 Bd3 22. Bd2 c5 23. dxc5 Bxc5+ 24. Be3 Bxe3+ 25. Rxe3 Rxe3 26. Kxe3
Re8+ 27. Kd4 Re2 28. Ne1 Bf5 29. Kxc4 Rxh2 30. Nf3 Rg2 31. Nd4 Bg6 32. Rf1 Rxg3
33. Rxf6 Bd3+ 34. Kc5 Rg5+ 35. Kc6 Rg6 36. Rxg6 hxg6 37. Ne6 Bb5+ 38. Kd6 Kb7
39. Kc5 Bd7 40. Ng5 Kc7 41. c4 Bf5 42. Kd5 Kd7 43. c5 Kc7 44. c6 Bg4 45. Kc5
Bf5 46. Kd5 1/2-1/2

[Event "Canada Int. op U1500"]
[Site "Contrecoeur CAN"]
[Date "2022.10.09"]
[Round "4.55"]
[White "Sison, Hubert"]
[Black "Houde Belle-Isle, Raphael"]
[Result "1/2-1/2"]
[WhiteElo "1273"]
[BlackElo "1418"]
[PlyCount "80"]
[EventDate "2022.10.07"]
[EventType "swiss"]
[EventRounds "5"]
[EventCountry "CAN"]

1. e4 e5 2. Nf3 Nc6 3. Bc4 Bc5 4. O-O Nf6 5. Nc3 d6 6. d3 Bg4 7. Bb5 h6 8. Be3
Bxe3 9. fxe3 O-O 10. a3 d5 11. exd5 Nxd5 12. Nxd5 Qxd5 13. Bxc6 bxc6 14. e4
Qc5+ 15. Kh1 Rad8 16. Qc1 f5 17. b4 Qe7 18. exf5 Rxf5 19. Nd2 Rdf8 20. Rxf5
Bxf5 21. Qe1 Qf6 22. h3 Bg6 23. Qe3 Qf2 24. Qxf2 Rxf2 25. Rd1 Re2 26. Kg1 e4
27. dxe4 Re3 28. a4 Bxe4 29. Nxe4 Rxe4 30. Rd8+ Kf7 31. Rb8 Ke7 32. Rb7 Kd7 33.
Rxa7 Rxb4 34. a5 Rc4 35. a6 Rxc2 36. Ra8 Ra2 37. h4 c5 38. Kf1 c4 39. Ke1 Rxg2
40. a7 Kc6 1/2-1/2

[Event "Canada Int. op U1500"]
[Site "Contrecoeur CAN"]
[Date "2022.10.09"]
[Round "4.56"]
[White "Perusse, Jacques"]
[Black "Luksza, Patrik"]
[Result "0-1"]
[WhiteElo "1408"]
[BlackElo "1292"]
[PlyCount "128"]
[EventDate "2022.10.07"]
[EventType "swiss"]
[EventRounds "5"]
[EventCountry "CAN"]

1. Nf3 Nc6 2. d4 d5 3. Bf4 Bf5 4. c3 e6 5. e3 Nf6 6. Nbd2 Bd6 7. Bg3 O-O 8. Nh4
Bg6 9. Nxg6 fxg6 10. f3 e5 11. dxe5 Bxe5 12. Nb3 Qe7 13. Bf2 Bf4 14. e4 b6 15.
Be2 dxe4 16. O-O Rad8 17. Qc2 e3 18. Be1 a5 19. a4 Rfe8 20. g3 Bd6 21. Rd1 Ne5
22. Nd4 c5 23. Qb3+ Kf8 24. Nc2 c4 25. Qxb6 Nd3 26. f4 Nf2 27. Rxd6 Rxd6 28.
Qxe3 Nh3+ 29. Kg2 Qxe3 30. Nxe3 Rxe3 31. Bxc4 Nxf4+ 32. gxf4 Rd1 33. Bg3 Rxf1
34. Bxf1 Re4 35. Kf3 Rxa4 36. Bb5 Ra2 37. b4 axb4 38. cxb4 Rb2 39. Be1 Rxh2 40.
Be2 Rh1 41. Bf2 Rb1 42. b5 Nd5 43. Bd4 Rb3+ 44. Ke4 Nc3+ 45. Bxc3 Rxc3 46. Kd4
Rc8 47. Bf3 Ke7 48. Kd5 Rb8 49. Kc6 h6 50. Be4 g5 51. fxg5 hxg5 52. Bf5 Kf6 53.
Bg4 Ke5 54. b6 Kf4 55. Be6 g4 56. b7 g3 57. Bd5 g5 58. Kc7 Rh8 59. b8=Q Rxb8
60. Kxb8 Ke3 61. Kc7 Kf2 62. Kd6 g2 63. Bxg2 Kxg2 64. Ke5 g4 0-1

[Event "Canada Int. op U1500"]
[Site "Contrecoeur CAN"]
[Date "2022.10.09"]
[Round "4.57"]
[White "Moisan, Pier-Philippe"]
[Black "Jiha, Yussuf"]
[Result "1-0"]
[WhiteElo "1397"]
[BlackElo "1224"]
[PlyCount "107"]
[EventDate "2022.10.07"]
[EventType "swiss"]
[EventRounds "5"]
[EventCountry "CAN"]

1. e4 c5 2. c3 Nf6 3. e5 Nd5 4. Nf3 e6 5. d4 cxd4 6. cxd4 b6 7. Bd3 Bb7 8. Ng5
Bb4+ 9. Kf1 g6 10. Qf3 Qe7 11. Ne4 h6 12. Nf6+ Kd8 13. a3 Nc6 14. Nxd5 exd5 15.
axb4 Nxd4 16. Qf4 Nb3 17. Ra3 g5 18. Qe3 d4 19. Qe1 Nxc1 20. Qxc1 Qxe5 21. f3
Rc8 22. Qd2 Re8 23. Kf2 g4 24. Be2 gxf3 25. Bxf3 Qf5 26. Rc1 Rxc1 27. Qxc1 d3
28. Nc3 Rg8 29. Qd1 d2 30. Rxa7 Bc6 31. b5 Bxf3 32. Qxf3 Qxf3+ 33. gxf3 Rg6 34.
Ra1 Rd6 35. Rd1 Rd4 36. Ke3 Rh4 37. Rxd2 Rh5 38. Nd5 Kc8 39. Nxb6+ Kc7 40. Nd5+
Kb7 41. Ke4 d6 42. f4 f5+ 43. Kd4 Rh3 44. Ne3 Rh4 45. Rf2 Rh5 46. Kd5 Kb6 47.
Kc4 Kb7 48. Nd5 Rh3 49. Re2 Rf3 50. Re7+ Kc8 51. Re2 Rf1 52. b6 Rc1+ 53. Nc3
Kb7 54. Kb5 1-0

[Event "Canada Int. op U1500"]
[Site "Contrecoeur CAN"]
[Date "2022.10.09"]
[Round "4.59"]
[White "Tremblay, Xavier"]
[Black "Laporte, Michel"]
[Result "1-0"]
[WhiteElo "1146"]
[BlackElo "1466"]
[PlyCount "64"]
[EventDate "2022.10.07"]
[EventType "swiss"]
[EventRounds "5"]
[EventCountry "CAN"]

1. e4 d6 2. d4 g6 3. Nf3 Bg7 4. Bc4 Nf6 5. Nc3 O-O 6. Be3 Nxe4 7. Bxf7+ Rxf7 8.
Nxe4 h6 9. Qd2 Kh7 10. h3 Nd7 11. Ng3 e5 12. O-O-O Nb6 13. dxe5 Nc4 14. Qd3 Be6
15. Ne4 Nxe5 16. Nxe5 Bxe5 17. Rhe1 Qe8 18. Kb1 Rd8 19. h4 Bf5 20. f3 d5 21.
Qd2 Qb5 22. Nc3 Bxc3 23. Qxc3 b6 24. g4 Bc8 25. Bd4 c5 26. Be5 d4 27. Qd3 c4
28. Qa3 Qc5 29. Qa4 Re7 30. Bf6 Rxe1 31. Rxe1 Rd7 32. Re8 Rg7 1-0

[Event "Canada Int. op U1500"]
[Site "Contrecoeur CAN"]
[Date "2022.10.09"]
[Round "4.60"]
[White "Fallet, Maurice"]
[Black "Chira, Dan"]
[Result "0-1"]
[WhiteElo "1242"]
[BlackElo "1372"]
[PlyCount "96"]
[EventDate "2022.10.07"]
[EventType "swiss"]
[EventRounds "5"]
[EventCountry "CAN"]

1. e4 e5 2. Nf3 Nc6 3. Bb5 d6 4. d4 Bd7 5. c3 a6 6. Ba4 b5 7. Bb3 Be7 8. h3 Na5
9. Bc2 Nf6 10. dxe5 dxe5 11. Nxe5 O-O 12. O-O Re8 13. Nxd7 Qxd7 14. Qxd7 Nxd7
15. Bf4 c6 16. Nd2 Bc5 17. b4 Bb6 18. bxa5 Bxa5 19. Rac1 Bxc3 20. Bb1 Bxd2 21.
Bxd2 Rac8 22. Rfd1 c5 23. Be3 Re7 24. Rd5 c4 25. Rcd1 Nf6 26. Rd8+ Re8 27.
Rxe8+ Nxe8 28. e5 Nc7 29. Kf1 g6 30. Ke1 b4 31. Bc2 Nb5 32. Bb6 Na3 33. Rd8+
Rxd8 34. Bxd8 Nxc2+ 35. Kd2 Nd4 36. Bb6 Nc6 37. f4 h5 38. g4 hxg4 39. hxg4 Kf8
40. Bc5+ Ke8 41. Kc2 a5 42. Be3 Kd7 43. Bb6 Ke6 44. Be3 Kd5 45. g5 Ke4 46. f5
Kd5 47. Bf4 Nd4+ 48. Kb2 c3+ 0-1

[Event "Canada Int. op U1500"]
[Site "Contrecoeur CAN"]
[Date "2022.10.09"]
[Round "4.63"]
[White "Fontaine, Real"]
[Black "Soskic, Milan"]
[Result "0-1"]
[WhiteElo "1458"]
[BlackElo "1260"]
[PlyCount "66"]
[EventDate "2022.10.07"]
[EventType "swiss"]
[EventRounds "5"]
[EventCountry "CAN"]

1. e4 c5 2. d4 cxd4 3. c3 dxc3 4. Nxc3 Nc6 5. Nf3 d6 6. h3 Nf6 7. Bc4 e6 8. Bg5
Be7 9. O-O h6 10. Bh4 a6 11. Re1 g5 12. Bg3 b5 13. Bb3 e5 14. Rc1 Be6 15. Bxe6
fxe6 16. Re2 Rc8 17. b3 O-O 18. Qd2 Nh5 19. Bh4 Rxf3 20. gxf3 gxh4 21. Qxh6 Nf4
22. Kh1 Kf7 23. Qh7+ Ke8 24. Rd2 Kd7 25. Rg1 Kc7 26. Rg8 Qxg8 27. Qxg8 Rxg8 28.
Rc2 Kb7 29. a4 b4 30. Ne2 Nxh3 31. Nc1 a5 32. Nd3 Nd4 33. Rc4 Nxf3 0-1

[Event "Canada Int. op U1500"]
[Site "Contrecoeur CAN"]
[Date "2022.10.09"]
[Round "4.64"]
[White "Creo, Jeremie-Thomas"]
[Black "Fournier, Mathieu"]
[Result "0-1"]
[WhiteElo "1447"]
[BlackElo "1214"]
[PlyCount "66"]
[EventDate "2022.10.07"]
[EventType "swiss"]
[EventRounds "5"]
[EventCountry "CAN"]

1. d4 Nf6 2. c4 e6 3. Nc3 Bb4 4. Qc2 d5 5. Bg5 h6 6. Bxf6 Qxf6 7. Nf3 O-O 8. e3
b6 9. Be2 dxc4 10. Bxc4 Ba6 11. Bxa6 Nxa6 12. O-O c5 13. Ne5 Rfd8 14. Nc6 Rd7
15. Qa4 Bxc3 16. bxc3 Rc7 17. Rab1 Nb8 18. Nxb8 Rxb8 19. dxc5 Qxc3 20. cxb6
Rxb6 21. Rxb6 axb6 22. Qb3 Qxb3 23. axb3 Rc3 24. Rb1 Kf8 25. Kf1 Ke7 26. Rb2 b5
27. b4 Rc4 28. f3 Kd6 29. Rd2+ Ke5 30. Rb2 Kd5 31. Rd2+ Ke5 32. Rb2 Rc3 33. Ke2
Kd5 0-1

[Event "Canada Int. op U1500"]
[Site "Contrecoeur CAN"]
[Date "2022.10.09"]
[Round "4.66"]
[White "Nadeem, Mustafa"]
[Black "Gougeon, Patrick"]
[Result "1-0"]
[WhiteElo "1319"]
[BlackElo "1181"]
[PlyCount "100"]
[EventDate "2022.10.07"]
[EventType "swiss"]
[EventRounds "5"]
[EventCountry "CAN"]

1. e4 d5 2. exd5 Qxd5 3. Nc3 Qd6 4. h3 Nf6 5. Nf3 c6 6. b3 g6 7. Bb2 Bg7 8. Rb1
O-O 9. Be2 Bf5 10. O-O Nbd7 11. d3 Rfe8 12. Ng5 e5 13. Nce4 Nxe4 14. dxe4 Qf6
15. exf5 Qxf5 16. Bg4 Qxg5 17. Qxd7 Rab8 18. Qd1 h5 19. Be2 Rbd8 20. Qc1 Qe7
21. Qe3 Kh7 22. a4 a6 23. Bc1 Rd4 24. Rd1 Rf4 25. g3 Rd4 26. Rxd4 exd4 27. Qxe7
Rxe7 28. Kf1 Rd7 29. Bf4 c5 30. Bd3 Bh6 31. Bxh6 Kxh6 32. Re1 Kg7 33. Re8 a5
34. Rc8 b6 35. Rb8 Rd6 36. Rb7 Rf6 37. Kg2 Kf8 38. Bc4 Kg7 39. g4 hxg4 40. hxg4
g5 41. Kg3 Kf8 42. Bd3 Kg7 43. Bf5 Rd6 44. Kf3 Kf8 45. Ke4 f6 46. f4 gxf4 47.
Kxf4 Ke8 48. Be4 Kf8 49. Kf5 Kg8 50. Kg6 Kf8 1-0

[Event "Canada Int. op U1500"]
[Site "Contrecoeur CAN"]
[Date "2022.10.09"]
[Round "4.67"]
[White "Couture, Francois"]
[Black "Laramee-Lamoureux, Mickael"]
[Result "0-1"]
[WhiteElo "1188"]
[BlackElo "1298"]
[PlyCount "54"]
[EventDate "2022.10.07"]
[EventType "swiss"]
[EventRounds "5"]
[EventCountry "CAN"]

1. d4 Nf6 2. c4 e6 3. Nf3 Be7 4. Nc3 b6 5. e4 Bb7 6. Bd3 d6 7. O-O Nbd7 8. Be3
d5 9. Qc2 Bb4 10. e5 Ng4 11. Bg5 f6 12. exf6 Ndxf6 13. Rfe1 Qd6 14. Bf5 O-O 15.
Rxe6 Qd8 16. Bxf6 Nxf6 17. Rae1 dxc4 18. a3 Bxf3 19. gxf3 Bxc3 20. bxc3 Nd5 21.
R1e4 Qg5+ 22. Rg4 Qxf5 23. Qxf5 Rxf5 24. Re5 Rxe5 25. dxe5 b5 26. Rd4 Nxc3 27.
f4 Ne2+ 0-1

[Event "Canada Int. op U1500"]
[Site "Contrecoeur CAN"]
[Date "2022.10.09"]
[Round "4.69"]
[White "Poirier, Dany"]
[Black "Tremblay, Alain2"]
[Result "1-0"]
[WhiteElo "1234"]
[BlackElo "1204"]
[PlyCount "65"]
[EventDate "2022.10.07"]
[EventType "swiss"]
[EventRounds "5"]
[EventCountry "CAN"]

1. e4 c5 2. Nf3 Nc6 3. d4 cxd4 4. Nxd4 Nxd4 5. Qxd4 Qc7 6. Qc3 Qxc3+ 7. Nxc3 e5
8. Nb5 Kd8 9. Bd2 b6 10. Bc4 a6 11. Nc3 Ne7 12. Bxf7 Bb7 13. f3 Rc8 14. O-O-O
Bc6 15. Bg5 h6 16. Be3 Rb8 17. Rd2 Nc8 18. a3 Bc5 19. Bxc5 bxc5 20. Rhd1 Ke7
21. Bd5 Kf6 22. Bxc6 dxc6 23. Na4 Rb5 24. c4 Rb8 25. Nxc5 Nb6 26. Nd7+ Nxd7 27.
Rxd7 Rhe8 28. h4 g5 29. h5 g4 30. Rh7 Kg5 31. Rd6 Kxh5 32. g3 gxf3 33. Rhxh6+
1-0

[Event "Canada Int. op U1500"]
[Site "Contrecoeur CAN"]
[Date "2022.10.09"]
[Round "4.70"]
[White "Perron, Bernard"]
[Black "Ouellette, Daniel"]
[Result "1-0"]
[WhiteElo "1032"]
[BlackElo "1258"]
[PlyCount "61"]
[EventDate "2022.10.07"]
[EventType "swiss"]
[EventRounds "5"]
[EventCountry "CAN"]

1. Nf3 c5 2. e4 a6 3. g3 Nc6 4. Bg2 e5 5. O-O d6 6. c3 c4 7. d4 cxd3 8. Qxd3
Be7 9. Be3 Be6 10. Nbd2 h6 11. a3 Nf6 12. h3 O-O 13. Qe2 d5 14. Rad1 Qc7 15.
Nh2 Rad8 16. f4 d4 17. cxd4 Nxd4 18. Bxd4 Rxd4 19. Nhf3 Bc4 20. Nxc4 Rxc4 21.
Nxe5 Rc2 22. Rd2 Rc5 23. Rfd1 Rc1 24. Kh2 Rxd1 25. Rxd1 Re8 26. Qc4 Bc5 27. Kh1
b5 28. Qe2 Bd6 29. Ng4 Nd7 30. e5 Bc5 31. Nxh6+ {coup illegal} 1-0

[Event "Canada Int. op U1500"]
[Site "Contrecoeur CAN"]
[Date "2022.10.09"]
[Round "5.49"]
[White "St-Germain, Jack"]
[Black "Bergeron, Jean-Guy"]
[Result "0-1"]
[WhiteElo "1461"]
[BlackElo "1441"]
[PlyCount "108"]
[EventDate "2022.10.07"]
[EventType "swiss"]
[EventRounds "5"]
[EventCountry "CAN"]

1. e4 Nc6 2. d4 e5 3. d5 Nce7 4. f4 Ng6 5. Nf3 exf4 6. c4 Bb4+ 7. Bd2 Bxd2+ 8.
Qxd2 d6 9. Nc3 Bg4 10. O-O-O Bxf3 11. gxf3 a6 12. Re1 Qh4 13. Bg2 Ne5 14. Qd4
Qe7 15. h4 Nf6 16. Rd1 Nh5 17. Ne2 f6 18. b3 b6 19. Qd2 Ng3 20. Nxg3 fxg3 21.
Qf4 g5 22. hxg5 fxg5 23. Qxg3 Ng6 24. Bh3 Nf4 25. Rd2 Qe5 26. Kc2 b5 27. Qg4 b4
28. Qd7+ Kf8 29. Qf5+ Ke7 30. Qxe5+ dxe5 31. Bg4 h5 32. Bf5 h4 33. Kb2 a5 34.
c5 Ra6 35. Rg1 Kf6 36. d6 cxd6 37. cxd6 Rc6 38. d7 Rd8 39. Rc1 Rxc1 40. Kxc1
Ke7 41. Kd1 Ne6 42. Ke1 Rxd7 43. Rg2 Rd3 44. Bxe6 Kxe6 45. Rf2 Rc3 46. Kf1 Kf6
47. Kg1 Kg6 48. Kf1 h3 49. Kg1 Kh5 50. Kh1 Kh4 51. Kh2 g4 52. fxg4 Kxg4 53. Re2
Rg3 54. Kh1 Rg2 0-1

[Event "Canada Int. op U1500"]
[Site "Contrecoeur CAN"]
[Date "2022.10.09"]
[Round "5.50"]
[White "Jutras, Arnaud"]
[Black "Lafontaine, Martin"]
[Result "1-0"]
[WhiteElo "1457"]
[BlackElo "1444"]
[PlyCount "63"]
[EventDate "2022.10.07"]
[EventType "swiss"]
[EventRounds "5"]
[EventCountry "CAN"]

1. c4 Nf6 2. Nf3 g6 3. g3 Bg7 4. Bg2 O-O 5. O-O c6 6. d4 d6 7. Nc3 Nbd7 8. e4
Qc7 9. h3 Rd8 10. Be3 e5 11. d5 Nc5 12. Nd2 Nh5 13. a3 Qe7 14. b4 Nd7 15. Qa4
f5 16. dxc6 Ndf6 17. exf5 gxf5 18. Nd5 Nxd5 19. Bxd5+ Kh8 20. cxb7 Bxb7 21.
Bxb7 Qxb7 22. Bg5 Rg8 23. Qb3 h6 24. Bh4 Rae8 25. Rad1 Nf6 26. Qf3 Qd7 27. Bxf6
Bxf6 28. Ne4 Be7 29. Nxd6 Bxd6 30. c5 Qh7 31. Rxd6 f4 32. Qh5 1-0

[Event "Canada Int. op U1500"]
[Site "Contrecoeur CAN"]
[Date "2022.10.09"]
[Round "5.51"]
[White "Luksza, Patrik"]
[Black "Auersperg, Leo"]
[Result "0-1"]
[WhiteElo "1292"]
[BlackElo "1481"]
[PlyCount "70"]
[EventDate "2022.10.07"]
[EventType "swiss"]
[EventRounds "5"]
[EventCountry "CAN"]

1. e4 c6 2. d4 d5 3. Nc3 dxe4 4. Nxe4 Nf6 5. Nxf6+ exf6 6. Nf3 Bd6 7. Bc4 O-O
8. O-O Nd7 9. Be3 Re8 10. c3 Nf8 11. Qb3 Qc7 12. h3 b5 13. Bd3 Be6 14. Qc2 Ng6
15. b3 Qd7 16. Bxg6 hxg6 17. Qd2 g5 18. Nh2 Bxh3 19. c4 Be6 20. c5 Bc7 21. Rad1
a5 22. f4 g4 23. g3 f5 24. Rfe1 Qd5 25. Bf2 a4 26. Rb1 axb3 27. axb3 Ra3 28.
Re3 Rea8 29. Nf1 Ra2 30. Rb2 Ra1 31. Be1 Rd8 32. Rd3 Qe4 33. Bf2 Bd5 34. Be3
Qh1+ 35. Kf2 Qxf1# 0-1

[Event "Canada Int. op U1500"]
[Site "Contrecoeur CAN"]
[Date "2022.10.09"]
[Round "5.52"]
[White "Laperle, Benjamin"]
[Black "Moisan, Pier-Philippe"]
[Result "1-0"]
[WhiteElo "1216"]
[BlackElo "1397"]
[PlyCount "85"]
[EventDate "2022.10.07"]
[EventType "swiss"]
[EventRounds "5"]
[EventCountry "CAN"]

1. e4 d5 2. exd5 Nf6 3. Nf3 Bg4 4. Be2 Nxd5 5. d4 e6 6. Ne5 Bf5 7. Bd3 Bxd3 8.
Nxd3 Nc6 9. c3 Bd6 10. O-O h6 11. Nd2 Qd7 12. Nf3 O-O-O 13. Nfe5 Nxe5 14. Nxe5
Bxe5 15. dxe5 Qe7 16. Qe2 g5 17. Be3 b6 18. Rad1 f5 19. exf6 Nxf6 20. Bd4 Rhf8
21. Bxf6 Qxf6 22. Rxd8+ Rxd8 23. Re1 Kb8 24. Kf1 Re8 25. Qe5 Qxe5 26. Rxe5 c5
27. Re2 Kc7 28. Rd2 Rd8 29. Rxd8 Kxd8 30. Ke2 e5 31. Ke3 Ke7 32. Ke4 Ke6 33. c4
a6 34. a4 h5 35. h3 g4 36. hxg4 hxg4 37. f3 gxf3 38. gxf3 Kf6 39. Kd5 Kf5 40.
a5 bxa5 41. Kxc5 Ke6 42. Kc6 Ke7 43. Kd5 1-0

[Event "Canada Int. op U1500"]
[Site "Contrecoeur CAN"]
[Date "2022.10.09"]
[Round "5.53"]
[White "Ghattas, Andrew"]
[Black "Mourad, Michel"]
[Result "0-1"]
[WhiteElo "1345"]
[BlackElo "1235"]
[PlyCount "72"]
[EventDate "2022.10.07"]
[EventType "swiss"]
[EventRounds "5"]
[EventCountry "CAN"]

1. Nf3 Nf6 2. g3 d5 3. Bg2 Bg4 4. d3 e6 5. O-O c5 6. c4 Nc6 7. cxd5 exd5 8. b3
Be7 9. a4 O-O 10. Ba3 Qb6 11. Nbd2 Nd7 12. Qc1 Rfe8 13. Rb1 Nde5 14. Re1 Bd6
15. Nxe5 Rxe5 16. e3 Rae8 17. d4 Nxd4 18. e4 Ne2+ 19. Rxe2 Bxe2 20. f4 R5e7 21.
e5 c4+ 22. Kh1 Bxa3 23. Qxa3 c3 24. Nf3 d4 25. a5 Qg6 26. Rc1 Qd3 27. Ne1 Qd2
28. b4 d3 29. Be4 Qxc1 30. Qxc1 d2 31. Qxc3 d1=Q 32. Kg2 Rd7 33. Kh3 Bf1+ 34.
Kh4 Qd2 35. Qf3 Qxh2+ 36. Kg4 Be2 0-1

[Event "Canada Int. op U1500"]
[Site "Contrecoeur CAN"]
[Date "2022.10.09"]
[Round "5.54"]
[White "Rauch, Damian"]
[Black "Sison, Hubert"]
[Result "1-0"]
[WhiteElo "1443"]
[BlackElo "1273"]
[PlyCount "91"]
[EventDate "2022.10.07"]
[EventType "swiss"]
[EventRounds "5"]
[EventCountry "CAN"]

1. e4 c6 2. Nc3 d5 3. Nf3 dxe4 4. Nxe4 Bf5 5. Ng3 Bd7 6. d4 e6 7. Bd3 c5 8. c3
Nc6 9. O-O Nf6 10. Be3 Ng4 11. Bf4 Be7 12. Ne5 Ngxe5 13. dxe5 Qc7 14. Qg4 g6
15. Rfe1 h5 16. Qe2 O-O-O 17. Bd2 h4 18. Nf1 Rdg8 19. a3 f5 20. b4 g5 21. b5
Na5 22. c4 Nb3 23. Rab1 Nxd2 24. Nxd2 Be8 25. Nb3 Bh5 26. Qc2 g4 27. a4 g3 28.
h3 gxf2+ 29. Qxf2 Rg3 30. Bf1 Rhg8 31. Kh2 b6 32. Qa2 f4 33. a5 f3 34. Rb2 Bg5
35. axb6 Qxb6 36. Re4 Qb7 37. Nxc5 Qb6 38. Nd3 Be3 39. c5 Qb7 40. Qxe6+ Kb8 41.
c6 Qb6 42. c7+ Qxc7 43. Rc4 Rxg2+ 44. Bxg2 Rxg2+ 45. Rxg2 fxg2 46. Qg8+ 1-0

[Event "Canada Int. op U1500"]
[Site "Contrecoeur CAN"]
[Date "2022.10.09"]
[Round "5.55"]
[White "Hebert, Pierre"]
[Black "Hu, Richard"]
[Result "1-0"]
[WhiteElo "1429"]
[BlackElo "1201"]
[PlyCount "77"]
[EventDate "2022.10.07"]
[EventType "swiss"]
[EventRounds "5"]
[EventCountry "CAN"]

1. c4 Nf6 2. Nf3 g6 3. Nc3 Bg7 4. g3 d6 5. d4 O-O 6. Bg2 Nbd7 7. e4 c5 8. d5
Qa5 9. O-O a6 10. Qc2 b5 11. Bd2 b4 12. Ne2 Qb6 13. Rfe1 a5 14. Rad1 Ba6 15.
Nc1 Qc7 16. Nd3 Nb6 17. b3 a4 18. e5 Nfd7 19. e6 Nf6 20. exf7+ Rxf7 21. Ng5
Rff8 22. Ne6 Qd7 23. Nxf8 Rxf8 24. Nf4 Ng4 25. Be3 Bc3 26. Rf1 axb3 27. axb3
Ra8 28. Bh3 Nxe3 29. fxe3 Qa7 30. Be6+ Kg7 31. Nxg6 Bf6 32. Nf4 Bc8 33. Qe2
Bxe6 34. dxe6 Rg8 35. Nh5+ Kh8 36. Nxf6 exf6 37. Rxf6 Qe7 38. Rdf1 d5 39. Qh5
1-0